<?xml version="1.0" encoding="UTF-8"?>
<record
    xmlns:xsi="http://www.w3.org/2001/XMLSchema-instance"
    xsi:schemaLocation="http://www.loc.gov/MARC21/slim http://www.loc.gov/standards/marcxml/schema/MARC21slim.xsd"
    xmlns="http://www.loc.gov/MARC21/slim">

  <leader>02199nam a22002057a 4500</leader>
  <controlfield tag="003">0</controlfield>
  <controlfield tag="005">20250107083431.0</controlfield>
  <controlfield tag="008">250107b        xxu||||| |||| 00| 0 eng d</controlfield>
  <datafield tag="020" ind1=" " ind2=" ">
    <subfield code="a">9781032202044</subfield>
  </datafield>
  <datafield tag="050" ind1=" " ind2=" ">
    <subfield code="a">LB 1575.8</subfield>
    <subfield code="b">.B43 2024</subfield>
  </datafield>
  <datafield tag="245" ind1=" " ind2=" ">
    <subfield code="a">Becoming readers and writers :</subfield>
    <subfield code="b">literate identities across childhood and adolescence /</subfield>
    <subfield code="c">edited by Christopher J. Wagner, Katherine K. Frankel, and Christine M. Leighton.</subfield>
  </datafield>
  <datafield tag="260" ind1=" " ind2=" ">
    <subfield code="a">New York, NY :</subfield>
    <subfield code="b">Routledge,</subfield>
    <subfield code="c">2024.</subfield>
  </datafield>
  <datafield tag="300" ind1=" " ind2=" ">
    <subfield code="a">xiii, 249 p. ;</subfield>
    <subfield code="c">23 cm.</subfield>
  </datafield>
  <datafield tag="504" ind1=" " ind2=" ">
    <subfield code="a">Includes bibliographical references and index.</subfield>
  </datafield>
  <datafield tag="520" ind1=" " ind2=" ">
    <subfield code="a">"Centered around the idea that literacy teaching is more the transmission of strategies and skills, this volume serves as a foundation for approaching literacy from an identity perspective. Through incisive and accessible chapters from top scholars, it introduces readers to the concept of literate identities, examining them across ages and grade levels to present an overview of how scholars and educators can use this concept in their research and teaching in literacy contexts. Organized by developmental level with sections on early childhood, middle childhood, adolescence, and cross-age research, contributors reveal how literacy can be framed as an identity practice to engage students and support their development. Applying a range of theoretical perspectives and frameworks, each chapter identifies the identity theory used, explains the relevant methodology and research questions, covers implications for practice, and includes questions or prompts for discussion. Addressing key topics, including culturally relevant pedagogy, intersectionality, and transnationalism, the volume reveals how understanding literate identities is at the heart of effective and inclusive literacy instruction. Illuminating multiple pathways to understanding students as readers and writers, this book is essential for pre-service teachers, scholars and researchers in literacy education, research methods, and multicultural education"--Provided by publisher.</subfield>
  </datafield>
  <datafield tag="650" ind1=" " ind2=" ">
    <subfield code="a">Language arts</subfield>
    <subfield code="v">Psychological aspects.</subfield>
  </datafield>
  <datafield tag="650" ind1=" " ind2=" ">
    <subfield code="a">Literacy</subfield>
    <subfield code="v">Social aspects.</subfield>
  </datafield>
  <datafield tag="650" ind1=" " ind2=" ">
    <subfield code="a">Identity (Psychology) in education.</subfield>
  </datafield>
  <datafield tag="942" ind1=" " ind2=" ">
    <subfield code="2">lcc</subfield>
    <subfield code="c">BK</subfield>
  </datafield>
  <datafield tag="999" ind1=" " ind2=" ">
    <subfield code="c">366883</subfield>
    <subfield code="d">366883</subfield>
  </datafield>
  <datafield tag="952" ind1=" " ind2=" ">
    <subfield code="0">0</subfield>
    <subfield code="1">0</subfield>
    <subfield code="2">lcc</subfield>
    <subfield code="4">0</subfield>
    <subfield code="a">CL</subfield>
    <subfield code="b">CL</subfield>
    <subfield code="c">RES</subfield>
    <subfield code="d">2025-01-07</subfield>
    <subfield code="e">Library Fund</subfield>
    <subfield code="l">0</subfield>
    <subfield code="o">LB 1575.8 .B43 2024</subfield>
    <subfield code="p">C24103</subfield>
    <subfield code="r">2025-01-07 00:00:00</subfield>
    <subfield code="w">2025-01-07</subfield>
    <subfield code="y">BK</subfield>
  </datafield>
</record>
